000 01149nam a2200289 a 4500
003 BLK
005 20250802112512.0
008 241030b bul|||||r ||||||| ||bul||
020 _a9786192650605
040 _aBLK
041 _aBUL
_cBUL
080 _aАнглийска литература
_b821.111
_x-312.4
_z821.111-312.4
084 _aС 31
100 _aСелестин, Рей
_9480969
245 1 0 _aБлусът на мъртвеца
_cРей Селестин ; прев. от англ. Юрий Лучев.
260 _aСофия
_bКръг
_c2024
_9209932
_n954-9832-
_fСофия : Алианс прин
300 _a495 с.
_c21 см
380 _aX
490 _9495745
_aГрадски блус квартет
500 _aОриг. загл.: Dead man's blues / Ray Celestin. - Кн. от поредицата Градски блус квартет
700 1 _aЛучев, Юрий Величков
_eпрев. от англ.
_9364433
852 _aЦб 325094
_bЦб
856 _i0.00
_ldisable
942 _cKNG
_n0
_013
944 _c1
_k30542
_lРусанова Ирена
999 _c520826
_d520826